000 00277nam a22001217a 4500
100 _aPradeep, B.
245 _aRubber thottangalude mappinginu dronukal
260 _bRubber, 696(May). 2024. 16-18
300 _bMalayalam
650 _aMapping
650 _aDrone
942 _cJS
999 _c75301
_d75301